[Event "CRO-ch U11"]
[Site "Trogir"]
[Date "2021.06.21"]
[Round "5"]
[White "Aljinovic, Ema"]
[Black "Koksa, Agata"]
[Result "1/2-1/2"]
[WhiteElo "1647"]
[BlackElo "1762"]
[PlyCount "65"]
[EventDate "2021.06.19"]
[EventType "swiss"]
[EventRounds "9"]
[EventCountry "CRO"]
[SourceTitle "EXT 2022"]
[Source "ChessBase"]
[SourceDate "2021.10.06"]
[SourceVersion "1"]
[SourceVersionDate "2021.10.06"]
[SourceQuality "1"]

1. e4 e5 2. Nf3 Nc6 3. Nc3 Nf6 4. Bc4 Bc5 5. 0-0 0-0 6. d3 h6 7. Nd5 d6 8. c3 a6 9. d4 exd4 10. cxd4 Ba7 11. e5 Nxd5 12. Bxd5 dxe5 13. Bxc6 bxc6 14. Nxe5 Qd5 15. h3 Re8 16. Re1 Bxd4 17. Bf4 Bxe5 18. Qxd5 cxd5 19. Bxe5 c6 20. Bg3 Bb7 21. Bf4 c5 22. Re3 Rxe3 23. Bxe3 c4 24. Rd1 Rd8 25. Rd4 Rd6 26. Bf4 Re6 27. Bd2 Rb6 28. Bc3 Rg6 29. Rd2 Re6 30. Rc2 Re4 31. f3 Re6 32. Kh2 Kh7 33. b4 1/2-1/2